Pre-Essense reading 1 Making teaching and learning easier! Lead the change!

Quyển sách cung cấp các bài viết tiếng Anh giúp củng cố và phát triển kỹ năng đọc hiểu và từ vựng.

Uloženo v:
Podrobná bibliografie
Hlavní autor: Lee, Rachel
Médium: Kniha
Jazyk:Undetermined
Vydáno: Thành phố Hồ Chí Minh Tổng Hợp Thành phố Hồ Chí Minh 2010
Témata:
Tagy: Přidat tag
Žádné tagy, Buďte první, kdo otaguje tento záznam!
Thư viện lưu trữ: Trung tâm Học liệu Trường Đại học Cần Thơ
LEADER 00913nam a2200241Ia 4500
001 CTU_158559
008 210402s9999 xx 000 0 und d
020 |c 76000 
082 |a 428.24 
082 |b L479/T.1 
100 |a Lee, Rachel 
245 0 |a Pre-Essense reading 1 
245 0 |b Making teaching and learning easier! Lead the change! 
245 0 |c Rachel Lee 
260 |a Thành phố Hồ Chí Minh 
260 |b Tổng Hợp Thành phố Hồ Chí Minh 
260 |c 2010 
520 |a Quyển sách cung cấp các bài viết tiếng Anh giúp củng cố và phát triển kỹ năng đọc hiểu và từ vựng. 
650 |a English language,Studying,Teaching 
904 |i HHTrang, Lan 
910 |a Sách kèm đĩa có nhãn AVA.001317, AVA.001318, AVA.001319 
915 |a 400 
980 |a Trung tâm Học liệu Trường Đại học Cần Thơ